000 023230000a22003250004500
999 _c45111
_d45111
001 768714001
003 CO-MdFUSB
005 20190814155142.0
008 190730b ||||| |||| 00| 0 eng d
020 _a0825460069
040 _bspa.
_aCO-MdFUSB
_cCO-MdFUSB
_dCO-MdFUSBC
_erda
041 _aeng
082 0 4 _a23
_2232
_bW947u
100 1 _aWright, Chris
_eautor
245 1 0 _aThe uniqueness of Jesus.
_c/ Chris Wright
264 1 _aGrand Rapids, Michigan :
_bMonarch Books,
_c[2001]
264 4 _c© 2001
300 _a186 páginas
_c; 20 cm
336 _atexto
_btxt
_2rdacontent
337 _2rdamedia
_asin mediación
_bn
338 _2rdacarrier
_avolumen
_bnc
490 _aThinking clearly series.
501 _aRústico
505 0 _aIntroducción: ¡bienvenido al supermercado!. -- Examinando la escena. -- La pluralidad social de las religiones. -- Adoración de fe múltiple. -- Religión y educación. -- Crecimiento en el conocimiento sobre otras religiones. -- Reacciones morales y emocionales. -- Actitudes hacia la misión cristiana. -- Cambios teológicoS. -- ¡Cuidado con los huecos!. -- Jesús exclusivamente en el centro - Lo que el exclusivismo no significa. -- Lo que mantiene el exclusivismo. -- Las críticas -- ¿Qué tan exclusivo puedes ser? -- Motivación para evangelismo. -- Jesús inclusive en el centro. -- El Cristo inclusivo. -- ¿Hay salvación en otras religiones?. -- ¿Qué tan inclusivo puedes ser?. -- Jesús en órbita: pluralismo. -- Una distinción importante. -- ¿Qué significa pluralismo?. -- ¿Qué tiene de malo el pluralismo?. -- Jesús y la Biblia. -- Creación, pecado y salvación. -- Vaguedad pluralista. -- La singularidad de Israel La unicidad de Yahweh. -- Jesús y los primeros testigos: La Biblia y las religiones humanas Creación y caída. -- Los patriarcas. -- Israel y los dioses de las naciones del Antiguo Testamento. -- Jesús y el reino de Dios en el Nuevo Testamento. -- El prólogo del Evangelio de Juan. -- Pedro y Pablo en el libro de los Hechos - Conclusión: en la caja. -- Aclarar nuestro pensamiento sobre la verdad. -- Fortalecer nuestra lucha por la verdad. -- Renueva nuestra vida de la verdad.
563 _aRústico
600 7 _aJesucristo
_xTeología
650 7 _9239
_aCristología
942 _cBK
945 _aJTF-925